| 000 | 01901cam a22004574i 4500 | ||
|---|---|---|---|
| 003 | PE-LiUPU | ||
| 005 | 20250731165531.0 | ||
| 008 | 150623s r 000 0 d | ||
| 035 | _a(Sirsi) a29587 | ||
| 035 | _a(Sirsi) a29587 | ||
| 040 |
_aPE-LiUPU _bspa _cPE-LiUPU _erda |
||
| 082 | 0 | 4 |
_a280.4009 _bL46 _221 |
| 100 | 1 |
_aLéonard, Emile G., _eautor. |
|
| 245 | 1 | 0 |
_aHistoria general del protestantismo : _bla consolidación. _n2 / _cÉmile G. Léonard. |
| 264 | 1 |
_aBarcelona, España : _bColecciones Península Edicions 62, _c1967. |
|
| 300 |
_a510 páginas : _bilustraciones fotos, gráficos ; _c24 cm. |
||
| 336 |
_atext _2rdacontent |
||
| 337 |
_aunmediated _2rdamedia |
||
| 338 |
_avolume _2rdacarrier |
||
| 505 | 0 | _aLa Europa calvinista: Suiza, Alemania, Europa oriental. -La Europa calvinista: Gran Bretaña y los países bajos. -La adaptación francesa del calvinismo. -Finales del siglo XVI-. La secularización de la reforma. -En Inglaterra: protestantismo y revoluciones. -Establecimiemto y suspensión del protestantismo francés. | |
| 526 | _aSEG44 | ||
| 526 | _aSEG26 | ||
| 526 | _aP151 | ||
| 526 | _aP150 | ||
| 526 | _aP149 | ||
| 526 | _aP146 | ||
| 526 | _aP145 | ||
| 526 | _aP126 | ||
| 526 | _aP125 | ||
| 526 | _aP92 | ||
| 526 | _aP75 | ||
| 526 | _aP74 | ||
| 526 | _aP27 | ||
| 526 | _aP15 | ||
| 942 |
_2ddc _cBOOK |
||
| 949 |
_aRC 280.4009 L46 2 _wDEWEY _c1 _i07422 _lRC _mBUL _r0 _sY _tBOOK _u2015-6-24 _xTEOLOGIA _PP35 _0COMPRA _o.CIRCNOTE. No olvidar cambiar la fecha de devolución!!!!!!! _o.STAFF. Colección General |
||
| 994 |
_aC0 _bPEPRU |
||
| 596 | _a1 | ||
| 999 |
_aRC 280.4009 L46 2 _wDEWEY _c36959 _i07422 _d36959 _e2017-5-18 _f2021-11-8 _g6 _lCCODEBUL1 _mBUL _n1 _q1 _r1 _sY _tBOOK _u2015-6-24 _xTEOLOGIA _PP35 _0COMPRA _o.CIRCNOTE. No olvidar cambiar la fecha de devolución!!!!!!! _o.STAFF. Colección General |
||
| 980 |
_81 _gALBERTO SANCHEZ Responsable de Automatización |
||